Athletes who everyone should know - Statistics

General Stats
  • This quiz has been taken 43 times
  • The average score is 14 of 27
Answer Stats
Hint Answer % Correct
He is a world record holder in the 100 metres, 200 metres and 4 × 100 metres relay. Usain Bolt
100%
American swimmer and the most successful Olympian of all time. Michael Phelps
93%
"King of football". Won the World Cup with Brazil three times. Pelé
93%
First baseball player to score over 50 homeruns in one season. Babe Ruth
88%
Six NBA Finals MVP awards Michael Jordan
86%
The greates boxer of all time Muhammad Ali
86%
Won the Tour de France seven consecutive times before being stripped of all his titles. Lance Armstrong
83%
Tied for first in PGA Tour wins and ranks second in men's major championships. Tiger Woods
81%
She has won 23 Grand Slam singles titles, the most by any player in the Open Era. Serena Williams
76%
7 time Super Bowl champion. Tom Brady
76%
Scored "the Hand of God" and "Goal of the Century" against England in 1986. Diego Maradona
71%
Has won 20 Grand Slam men´s singles titles. Shares the record with Rafael Nadal and Novak Djokovic. Roger Federer
71%
Won 4 gold medals in the 1936 Olympics in Berlin. Held the world records in all sprint distances and long jump at the same time. Jesse Owens
62%
The leading goal scorer, assist producer and point scorer in NHL history Wayne Gretzky
62%
He is the only player to score 100 points in a single NBA game or average more than 40 and 50 points in a season Wilt Chamberlain
60%
Fastest woman of all time Florence Griffith Joyner
40%
Ran the first sub-4-minute mile. Roger Bannister
38%
"Balck Spider" regarded by many as the greatest goalkeeper in the history of football. Lev Yashin
33%
Considered one of the most versatile athletes of modern sports, won two Olympic gold medals in the 1912 Summer Olympics, and played American football, professional baseball, and basketball. Jim Thorpe
31%
Won the Formula One World Drivers' Championship in 1988, 1990 and 1991. Ayrton Senna
29%
Widely regarded as the greatest squash player of all time. Jahangir Khan
17%
The most successful rider in the history of competitive cycling. Eddy Merckx
12%
He was the dominant technical skier (slalom and giant slalom) in the late 1980s and 1990s. Alberto Tomba
10%
She holds the record for the most Olympic gold medals by a gymnast, male or female, with 9. Larisa Latynina
7%
"King of Biathlon" Ole Einar Bjørndalen
7%
She is the first woman in history to win ten Winter Olympic medals. Raisa Smetanina
7%
Won a total of 29 medals in the Olympics and World Championships between 1991 and 1999, making him the most successful male cross-country skier in history. Bjørn Dæhlie
5%
No matching quizzes found
Score Distribution
Percent of People with Each Score
Percentile by Number Answered
Your Score History
You have not taken this quiz